[Event "It (open)"]
[Site "Ostrava (Czech Republic)"]
[Date "2005.05.02"]
[Round "3"]
[White "Gutdeutsch Otto (AUT)"]
[Black "Kociscak Jiri (CZE)"]
[Result "0-1"]
[WhiteElo "2021"]
[BlackElo "2050"]

1.c4 c5 2.Nc3 Nc6 3.Nf3 g6 4.d4 cxd4 5.Nxd4 Bg7 6.e3 Nf6 7.Be2 O-O 8.h4 d6
9.h5 Bd7 10.hxg6 hxg6 11.Bd2 Rc8 12.Rc1 Ne5 13.b3 Re8 14.e4 Qb6 15.Be3 Neg4
16.Nf5 Nxe3 17.Nxe3 Bc6 18.Bf3 Qa5 19.Qd2 a6 20.Ke2 b5 21.Rh4 e6 22.Qxd6 Red8
23.Qf4 b4 24.e5 Bxf3+ 25.gxf3 Nh5 26.Rxh5 gxh5 27.Rg1 Kf8 28.Rxg7 Kxg7 29.Qf6+
Kf8 30.Ne4 Rb8 31.Ng5 Qxa2+ 32.Kf1 Qb1+ 33.Ke2 Qd3+ 34.Ke1 Qd2+ 35.Kf1 Qd3+
36.Ke1 Qg6 37.Nxe6+ Kg8 38.Qxg6+ fxg6 39.Nd5 Rxd5 40.cxd5 Re8 41.Nc7 Rxe5+
42.Kf1 a5 43.Kg2 Kf7 44.f4 Re4 45.Kf3 Ke7 46.Nb5 a4 47.bxa4 b3 48.Nc3 b2 49.f5
gxf5 {#R} 0-1

[Event "Ch Greece (team)"]
[Site "Greece"]
[Date "2005.07.06"]
[Round "3"]
[White "Tsivelekidis Georgios (GRE)"]
[Black "Theofilopoulos Aris (GRE)"]
[Result "0-1"]
[WhiteElo "2132"]
[BlackElo "2200"]

1.c4 c5 2.Nc3 Nc6 3.Nf3 g6 4.e3 Nf6 5.d4 cxd4 6.exd4 d5 7.cxd5 Nxd5 8.Qb3 Nxc3
9.Bc4 Nd5 10.Bxd5 e6 11.Bxc6+ bxc6 12.O-O Qb6 13.Qxb6 axb6 14.Bf4 f6 15.Bc7
Ra6 16.h4 Bb7 17.Nd2 c5 18.dxc5 Bxc5 19.Nb3 Be7 20.a4 Bd5 21.Nd4 Kd7 22.Nb5
Rha8 23.Rfd1 Rxa4 24.Rxa4 Rxa4 25.Nc3 Rb4 26.Nxd5 exd5 27.Bg3 Rxb2 28.Rxd5+
Kc6 29.Rd3 Bc5 30.Rd8 b5 31.Rh8 b4 32.Rxh7 b3 33.h5 gxh5 34.Bh4 Rb1+ 35.Kh2 b2
{#R} 0-1

[Event "Ch Iran (1/2 final)"]
[Site "Teheran (Iran)"]
[Date "2005.08.03"]
[Round "1"]
[White "Noroozi Omid (IRI)"]
[Black "Ryahi Naser (IRI)"]
[Result "1-0"]
[WhiteElo "2165"]
[BlackElo "2222"]

1.c4 c5 2.Nc3 Nc6 3.Nf3 g6 4.e3 Bg7 5.d4 Nf6 6.d5 Na5 7.e4 d6 8.h3 O-O 9.a3
Nd7 10.Bd2 Nb6 11.b3 e6 12.Be2 exd5 13.exd5 Re8 14.O-O Nxb3 15.Qxb3 Bxc3
16.Qxc3 Rxe2 17.Bh6 f6 18.Rae1 Rxe1 19.Rxe1 Nd7 20.Ng5 Ne5 21.f4 Nf7 22.Qxf6
{#r} 1-0

[Event "It (open) "]
[Site "Belgrade (Yugoslavia)"]
[Date "2005.08.20"]
[Round "6"]
[White "Bozic Stevan (SRB)"]
[Black "Danojlic Petar (SRB)"]
[Result "1-0"]
[WhiteElo "2230"]
[BlackElo "1775"]

1.c4 c5 2.Nc3 Nc6 3.Nf3 e5 4.e3 d6 5.d4 Bg4 6.d5 Nb4 7.Be2 f5 8.O-O e4 9.Nd2
Bxe2 10.Qxe2 Nd3 11.f3 Nxc1 12.Raxc1 exf3 13.Rxf3 g6 14.e4 f4 15.e5 a6
16.exd6+ Kf7 17.Rxf4+ Kg7 18.Qe5+ Kh6 19.Qe3 Kg7 20.Rcf1 Nh6 21.Qe5+ Kg8
22.Rxf8+ Qxf8 23.Rxf8+ Rxf8 24.d7 Nf7 25.Qe6 Kg7 26.Nde4 Nd8 27.Qe5+ Kh6 28.g4
Nf7 29.g5+ Kh5 30.Qg3 {#r} 1-0

[Event "Ch Russia (for the Deaf)"]
[Site "Dmitrov (Russia)"]
[Date "2005.09.12"]
[Round "8"]
[White "Ershov Mikhail (RUS)"]
[Black "Malyuga Valentin (RUS)"]
[Result "0-1"]
[WhiteElo "2071"]
[BlackElo "2225"]

1.c4 c5 2.Nc3 Nc6 3.Nf3 g6 4.e3 Bg7 5.d4 cxd4 6.exd4 d6 7.Be2 Bg4 8.d5 Bxf3
9.Bxf3 Nd4 10.Be4 Qb6 11.Qa4+ Kf8 12.O-O Nf6 13.Bd3 Rd8 14.h3 Nd7 15.Re1 Ne5
16.Qd1 Qb4 17.a3 Qb3 18.Bg5 Qxd1 19.Raxd1 h6 20.Be3 Nxd3 21.Rxd3 Nc2 22.Re2
Nxe3 23.Rdxe3 Rd7 24.Re4 f5 25.Re6 Kf7 26.Nd1 Rc8 27.b3 b5 28.Rc2 bxc4 29.bxc4
Rc5 30.g3 Rdc7 31.Ne3 Bd4 32.Kf1 Bxe3 33.Rxe3 Rxc4 34.Rd2 Rc3 {#R} 0-1

[Event "Ch Croatia (team) (w)"]
[Site "Sibenik (Croatia)"]
[Date "2005.10.06"]
[Round "6"]
[White "Djeno Snjezana (CRO)"]
[Black "Grzincic Tihana (CRO)"]
[Result "0-1"]
[WhiteElo "1989"]
[BlackElo "2040"]

1.c4 c5 2.Nc3 Nc6 3.e3 e6 4.d4 cxd4 5.exd4 Bb4 6.a3 Qa5 7.Bd2 Nxd4 8.axb4 Qxa1
9.Qxa1 Nc2+ 10.Kd1 Nxa1 11.Nb5 Ke7 12.Bc3 f6 13.b3 Nxb3 14.Kc2 a6 15.Na3 Nc5
16.bxc5 h5 17.Be2 Kf7 18.Nf3 Ne7 19.h4 Nc6 20.Rd1 Rb8 21.Nd4 g6 22.g3 e5
23.Nb3 Rd8 24.Na5 Ke7 25.Rd6 Re8 26.Bf3 Kf7 27.Bd5+ Kg7 28.Kd3 b5 29.Nxc6 dxc6
30.Bxc6 Bf5+ 31.Ke2 Red8 32.cxb5 axb5 33.Rxd8 Rxd8 34.Bxb5 Rd5 35.Bb4 g5
36.hxg5 fxg5 37.Bc4 Rd8 38.c6 Ra8 39.Nb5 h4 40.Nd6 {#R} 0-1

[Event "Ch Russia (students)"]
[Site "Nizhnij Tagil (Russia)"]
[Date "2005.10.10"]
[Round "7"]
[White "Novikov Mikhail M (RUS)"]
[Black "Samadli Rustam (AZE)"]
[Result "1-0"]
[WhiteElo "2260"]
[BlackElo "2119"]

1.c4 c5 2.Nc3 Nc6 3.Nf3 g6 4.d4 cxd4 5.Nxd4 Bg7 6.Nb3 Nf6 7.c5 b6 8.cxb6 axb6
9.e4 O-O 10.Be3 d6 11.f3 Ne5 12.Rc1 Ned7 13.Nd4 Bb7 14.Bb5 Rc8 15.Nde2 Nc5
16.b4 Ne6 17.Qb3 Bc6 18.Bc4 Ba4 19.Nxa4 {#r} 1-0

[Event "Ch Georgia (w)"]
[Site "Tbilisi (Georgia)"]
[Date "2006.01.17"]
[Round "8"]
[White "Gavasheli Ana (GEO)"]
[Black "Lomineishvili Maia (GEO)"]
[Result "0-1"]
[WhiteElo "2219"]
[BlackElo "2382"]

1.c4 c5 2.Nc3 Nc6 3.Nf3 e5 4.e4 d6 5.Be2 g6 6.d3 Bg7 7.O-O f5 8.Bg5 Nf6 9.Nd5
O-O 10.Nd2 Be6 11.f4 Qd7 12.fxe5 dxe5 13.Qe1 Kh8 14.exf5 gxf5 15.Nxf6 Bxf6
16.Bxf6+ Rxf6 17.Ne4 Qd4+ 18.Kh1 Rg6 19.Ng3 Rag8 20.Bf3 Nb4 21.Ne2 Qxd3 22.Nc3
e4 23.Rd1 exf3 24.Qe5+ R8g7 25.g3 Nc6 26.Qxg7+ Rxg7 27.Rxd3 Bxc4 28.Rfxf3 Bxd3
29.Rxd3 Rf7 30.a3 Kg7 31.Kg2 b6 32.Rd5 f4 33.gxf4 Rxf4 34.Rd6 Ne5 35.Re6 Nd3
36.Re2 Rc4 37.Re7+ Kg6 38.Rxa7 Nxb2 39.Nd5 Rc2+ 40.Kg3 Nc4 41.Ra6 Rb2 42.Kf4
Kh5 43.Nf6+ Kh4 44.Nd5 h5 45.Ke4 b5 46.Rc6 Re2+ 47.Kf4 Nxa3 48.Rxc5 Rxh2
49.Kf3 Rh3+ 50.Kf2 Rh2+ 51.Ke3 Rc2 52.Kd4 Kg3 53.Ne3 Rxc5 54.Kxc5 Nc4 55.Nf5+
Kg4 56.Nd4 h4 {#R} 0-1

[Event "Ch Berlin (juniors) (under 12)"]
[Site "Berlin (Germany)"]
[Date "2006.02.04"]
[Round "9"]
[White "Kropman Alexei (GER)"]
[Black "Tscheuschner Georg"]
[Result "1-0"]
[WhiteElo "2118"]
[BlackElo "1277"]

1.c4 c5 2.Nc3 Nc6 3.e4 d6 4.d3 Bd7 5.g3 g6 6.Bg2 Bg7 7.h3 Nf6 8.Nge2 O-O 9.O-O
e5 10.f4 Qc8 11.Kh2 Rb8 12.Rb1 a6 13.Be3 Bg4 14.Qd2 Bxe2 15.Nxe2 Ne7 16.Rf2 h6
17.fxe5 dxe5 18.Bxh6 Kh7 19.Bg5 Nfg8 20.Rbf1 f6 21.Be3 b6 22.g4 Rf7 23.Ng3 Qe6
24.Qd1 Rbf8 25.Qb3 f5 26.exf5 gxf5 27.Bd5 Nxd5 28.cxd5 Qg6 29.Rxf5 Rxf5
30.Nxf5 e4 31.dxe4 Be5+ 32.Kg2 Nf6 33.Kf3 Nh5 34.Qc2 Qf7 35.Qd2 Ng7 36.d6 Ne8
37.d7 Qc4 38.d8=Q Bd6 39.Qh4+ Kg8 40.Qd5+ Qxd5 41.exd5 {#r} 1-0

[Event "Ch SK "]
[Site "Hilden (Germany)"]
[Date "2006.04.10"]
[Round "4"]
[White "Schmoll Heinz (GER)"]
[Black "Heinert Eugen (GER)"]
[Result "1-0"]
[WhiteElo "2115"]
[BlackElo "2097"]

1.c4 c5 2.Nc3 Nc6 3.Nf3 g6 4.d4 cxd4 5.Nxd4 Bg7 6.e3 Nf6 7.Be2 d6 8.O-O O-O
9.Nc2 Nd7 10.e4 Nc5 11.f3 f5 12.exf5 Bxf5 13.Be3 Bxc2 14.Qxc2 Nd4 15.Qd2 e5
16.Bd3 Nxd3 17.Qxd3 Qb6 18.b3 Rfe8 19.Rad1 Qa5 20.Rf2 Rad8 21.Nd5 Qc5 22.Re1
b5 23.Qe4 bxc4 24.Rc1 Qa5 25.b4 Qa4 26.Bg5 Rd7 27.h4 Rf7 28.Rd2 Nf5 29.Rxc4 h6
30.Be3 Kh7 31.h5 Re6 32.Bf2 Qa3 33.Rc3 Qa4 34.Rc8 Qa6 35.Rdc2 Qb7 36.R2c7 Qa6
37.Nf4 Rfe7 38.hxg6+ {#r} 1-0

[Event "It (open) (a)"]
[Site "Voronezh (Russia)"]
[Date "2006.06.13"]
[Round "2"]
[White "Grigorian Vardan (ARM)"]
[Black "Iljushin Alexei (RUS)"]
[Result "0-1"]
[WhiteElo "2312"]
[BlackElo "2491"]

1.c4 c5 2.Nc3 Nc6 3.Nf3 e5 4.e4 g6 5.d3 d6 6.g3 Bg7 7.Bg2 Nge7 8.O-O O-O 9.a3
f5 10.Bg5 h6 11.Bxe7 Nxe7 12.Nd5 Nxd5 13.cxd5 fxe4 14.dxe4 b5 15.b3 Bd7 16.Qd2
a5 17.Rfc1 Kh7 18.Rc2 Bf6 19.Raa2 Rf7 20.Qd3 a4 21.b4 c4 22.Qf1 g5 23.Nd2 Qf8
24.h3 Bd8 25.Nb1 Bb6 26.Nc3 Qg7 27.Nd1 Raf8 28.Qe1 g4 29.h4 Rf3 30.Rc3 Bd4
31.Rac2 Qg6 32.Kh2 R8f6 33.Kg1 Kg7 34.Kh2 Be8 35.Kg1 Qh7 36.Qe2 Bh5 37.Re3
{#R} 0-1

[Event "It (open)"]
[Site "Voesendorf (Austria)"]
[Date "2006.06.15"]
[Round "2"]
[White "Behling Robert (GER)"]
[Black "Kassel Walter (AUT)"]
[Result "1-0"]
[WhiteElo "2247"]
[BlackElo "1933"]

1.c4 c5 2.Nc3 Nc6 3.Nf3 g6 4.e3 Bg7 5.d4 cxd4 6.exd4 d6 7.Be2 Nh6 8.d5 Nb8
9.h3 O-O 10.Bf4 Kh8 11.Qd2 Ng8 12.O-O Nd7 13.Rac1 Ndf6 14.Nd4 Ne8 15.Rfd1 Bd7
16.Be3 a6 17.b4 e5 18.dxe6 fxe6 19.Nf3 Ngf6 20.c5 d5 21.Ne5 Bc6 22.Bd4 Qe7
23.Bd3 Ne4 24.Nxe4 dxe4 25.Nxc6 bxc6 26.Bxe4 e5 27.Be3 Qc7 28.Bf3 Nf6 29.Qd6
Rac8 30.Qxc7 Rxc7 31.Rd6 e4 32.Be2 Nd5 33.Bxa6 Nxb4 34.Bc4 Ra8 35.Rb1 Nc2
36.Bf4 Na3 37.Rbd1 Rcc8 38.Be6 Rf8 39.g3 Ra6 40.Rd8 Ra8 41.Rxf8+ Rxf8 42.Bd7
Nb5 43.Bxc6 Nc3 44.Rd2 Rc8 45.Bb7 Re8 46.a4 Bf6 47.a5 g5 48.Be3 Nb5 49.a6 Be5
50.c6 Kg8 51.a7 {#r} 1-0

[Event "Memorial Izmailov (open)"]
[Site "Tomsk (Russia)"]
[Date "2006.07.17"]
[Round "6"]
[White "Bykov Valery N (RUS)"]
[Black "Yakovlev Mikhail (RUS)"]
[Result "0-1"]
[WhiteElo "2113"]
[BlackElo "2272"]

1.c4 c5 2.Nc3 Nc6 3.Nf3 g6 4.e4 Bg7 5.d3 d6 6.h3 Nf6 7.Be2 O-O 8.O-O Rb8 9.Be3
Bd7 10.Qd2 Re8 11.Nh2 a6 12.Rac1 b5 13.f4 Nd4 14.e5 Nxe2+ 15.Nxe2 Nh5 16.g4
dxe5 17.gxh5 bxc4 18.dxc4 exf4 19.hxg6 hxg6 20.Nxf4 Rxb2 21.Rc2 Rxc2 22.Qxc2
Bf5 23.Qg2 Qd6 24.Ng4 Rb8 25.Qd5 Rb2 26.Bxc5 Qc7 27.a3 e6 28.Qd6 Qxd6 29.Bxd6
Bd4+ 30.Nf2 e5 31.Ng2 f6 32.Bb4 e4 33.Nh4 Be6 34.Nxg6 Bxc4 35.Ne7+ Kh7 36.Nf5
Ba7 37.Bc3 Ra2 38.Bd4 Bxd4 39.Nxd4 Bxf1 40.Kxf1 Rxa3 41.Ke2 Kg6 42.h4 f5
43.h5+ Kf6 44.h6 Ra2+ 45.Ke3 f4+ 46.Kxf4 Rxf2+ 47.Kxe4 Rh2 48.Kd5 Rxh6 49.Kc5
Ke5 50.Nb3 Ke4 51.Kb4 Rb6+ 52.Kc4 Ke5 53.Nc5 Kd6 54.Ne4+ Kc6 55.Nc3 a5 56.Kd3
Rb4 57.Na2 Rh4 58.Kc3 Kc5 59.Kb3 a4+ 60.Ka3 Kb5 61.Nc3+ Ka5 62.Na2 Rh3+ 63.Kb2
a3+ 64.Kc2 Ka4 65.Nc3+ Kb4 66.Nd5+ Kc4 67.Nb6+ Kc5 68.Na4+ Kb4 69.Nb6 Rh2+
70.Kb1 a2+ 71.Ka1 Kb3 {#R} 0-1

[Event "Tournament (open)"]
[Site "Plunge (Lithuania)"]
[Date "2006.07.19"]
[Round "4"]
[White "Vaznonis Vytautas (LTU)"]
[Black "Sarakauskiene Zivile (LTU)"]
[Result "0-1"]
[WhiteElo "2291"]
[BlackElo "2203"]

1.c4 c5 2.Nc3 Nc6 3.Nf3 e6 4.d4 cxd4 5.Nxd4 Qc7 6.Ndb5 Qb8 7.g3 a6 8.Nd4 b6
9.Bg2 Bb7 10.O-O Nf6 11.e4 Be7 12.Re1 Ne5 13.Na4 Qa7 14.b3 O-O 15.f4 Nc6
16.Be3 Bb4 17.Re2 Ng4 18.Nxc6 Nxe3 19.Nxa7 Nxd1 20.Rxd1 Rxa7 21.Rxd7 b5 22.Nb2
Bc5+ 23.Kf1 Bxe4 24.Rxa7 Bxg2+ 25.Rxg2 Bxa7 26.Rd2 Bc5 27.Nd3 Bd4 28.Ne5 Bxe5
29.fxe5 bxc4 30.bxc4 Rc8 31.Ke2 Kf8 32.Kd3 Rd8+ 33.Kc3 Rxd2 34.Kxd2 Ke7 35.g4
f6 36.Kd3 Kd7 37.Kd4 Kc6 38.h4 h6 39.a4 a5 40.h5 Kb6 41.exf6 gxf6 42.g5 fxg5
43.Ke5 {#R} 0-1

[Event "Tournament (Elo)"]
[Site "Perm (Russia)"]
[Date "2006.08.08"]
[Round "6"]
[White "Goldshtein Grigory (RUS)"]
[Black "Terekhin Anatoly (RUS)"]
[Result "0-1"]
[WhiteElo "2161"]
[BlackElo "2323"]

1.c4 c5 2.Nc3 Nc6 3.e4 d6 4.d3 g6 5.g3 Bg7 6.Bg2 Nd4 7.h3 e6 8.Nge2 Ne7 9.Rb1
O-O 10.O-O a6 11.a3 Rb8 12.b4 cxb4 13.axb4 Nxe2+ 14.Nxe2 b5 15.Be3 Bb7 16.cxb5
axb5 17.d4 d5 18.e5 Nc8 19.Nc1 Nb6 20.Nd3 Nc4 21.Bc1 Ra8 22.Nc5 Bc8 23.Qd3 f6
24.f4 Rf7 25.Bf3 Rfa7 26.Qc3 f5 27.Rf2 Bf8 28.Bd1 Bxc5 29.bxc5 Bd7 30.Bb3 Bc6
31.Rf1 h6 32.h4 Qa5 33.Qe1 Kf7 34.Qe2 Qc3 35.Qf2 h5 36.Rd1 Ra1 37.Bb2 Nxb2
38.Rxb2 Rxd1+ 39.Bxd1 Ra1 40.Rd2 b4 41.Kg2 b3 42.Bf3 Qxd2 {#R} 0-1

[Event "Tournament"]
[Site "Perm (Russia)"]
[Date "2006.08.18"]
[Round "2"]
[White "Goldshtein Grigory (RUS)"]
[Black "Frolov Artiom (RUS)"]
[Result "0-1"]
[WhiteElo "2161"]
[BlackElo "2436"]

1.c4 c5 2.Nc3 Nc6 3.e4 g6 4.g3 a6 5.Bg2 b5 6.d3 Bg7 7.Nf3 bxc4 8.dxc4 Rb8
9.O-O d6 10.h3 e5 11.Nd5 h6 12.Rb1 Nge7 13.a3 O-O 14.Be3 a5 15.Qd2 Kh7 16.b3
Nd4 17.Nxe7 {#R} 0-1

[Event "It (open) "]
[Site "Berlin (Germany)"]
[Date "2006.08.19"]
[Round "1"]
[White "Sawatzki Joerg (GER)"]
[Black "Keusch Horst (GER)"]
[Result "0-1"]
[WhiteElo "2232"]
[BlackElo "1882"]

1.c4 c5 2.Nc3 Nc6 3.Nf3 e5 4.e3 f5 5.d4 e4 6.d5 Nb8 7.Ng1 Nf6 8.Be2 d6 9.b3
Be7 10.Bb2 O-O 11.Qd2 Na6 12.O-O-O Nc7 13.Nh3 Qe8 14.f3 a6 15.Nf2 b5 16.Rdg1
Rb8 17.f4 bxc4 18.bxc4 Na8 19.h3 Nb6 20.Qc2 Bd8 21.g4 Rf7 22.gxf5 Rfb7 23.Ba1
Bd7 24.Nfxe4 Bxf5 25.Nxd6 Qxe3+ 26.Qd2 Nxc4 {#R} 0-1

[Event "Memorial Adolfo Pedrido (open)"]
[Site "Vilagarcia de Arousa (Spain)"]
[Date "2006.08.30"]
[Round "6"]
[White "Perez Fungueiro Manuel A (ESP)"]
[Black "Carril Gonzalez Angel (ESP)"]
[Result "1-0"]
[WhiteElo "2226"]
[BlackElo "2079"]

1.c4 c5 2.Nc3 Nc6 3.Nf3 g6 4.e3 Nf6 5.d4 cxd4 6.exd4 d5 7.cxd5 Nxd5 8.Qb3 Nxc3
9.Bc4 Nd5 10.Bxd5 e6 11.Bxc6+ bxc6 12.O-O Qd5 13.Qc3 Bg7 14.Qa3 f6 15.Be3 Kf7
16.Rac1 Bf8 17.Qa4 Bd7 18.Rfd1 Bd6 19.Rc5 Qe4 20.Ra5 Ke7 21.Nd2 Qh4 22.g3 Qg4
23.f3 Qh3 24.Ne4 Bb8 25.Qa3+ Kf7 26.Nf2 {#r} 1-0

[Event "Memorial Georgiev-Kesarovski (open)"]
[Site "Sunny Beach (Bulgaria)"]
[Date "2006.09.08"]
[Round "7"]
[White "Milanov Yasen (SVK)"]
[Black "Ivanov Daniel (BUL)"]
[Result "1-0"]
[WhiteElo "2015"]
[BlackElo "1817"]

1.c4 c5 2.Nc3 Nc6 3.e4 d6 4.g3 Nf6 5.Bg2 g6 6.d3 Bg7 7.Nge2 e5 8.O-O O-O 9.h3
Kh8 10.Kh2 Ng8 11.f4 f5 12.Be3 Nd4 13.Qd2 Rb8 14.Rf2 Be6 15.Raf1 b5 16.Bxd4
cxd4 17.Nxb5 a6 18.Na3 Qd7 19.Ng1 Bh6 20.b3 Ne7 21.Nc2 fxe4 22.dxe4 Kg7 23.Qd3
Kg8 24.Ne2 Bg7 25.Ne1 Nc6 26.Qd2 Ne7 27.Nd3 Bh6 28.Qd1 Bg7 29.Ng1 a5 30.Nf3
Bf6 31.fxe5 dxe5 32.Nfxe5 Bxe5 33.Nxe5 Qd6 34.Nd3 g5 35.Qh5 Rxf2 36.Qxg5+ Ng6
37.Rxf2 Rf8 38.e5 Qe7 39.Qxe7 Nxe7 40.Rxf8+ Kxf8 41.g4 Ng6 42.Kg3 Ke7 43.Be4
Nf8 44.h4 Bc8 45.g5 Ng6 46.h5 Nf8 47.g6 hxg6 48.hxg6 Be6 49.Kf4 Bg8 50.Kg5
Ne6+ 51.Kh6 Kf8 52.c5 Nc7 53.c6 a4 54.Nc5 axb3 55.axb3 Bd5 56.g7+ Kg8 57.Bh7+
{#r} 1-0

[Event "Tournament (open) (w)"]
[Site "Can Tho (Vietnam)"]
[Date "2006.09.20"]
[Round "8"]
[White "Nguyen Thi Hanh (VIE)"]
[Black "Pham Le Thao Nguyen (VIE)"]
[Result "0-1"]
[WhiteElo "1866"]
[BlackElo "2277"]

1.c4 c5 2.Nc3 Nc6 3.Nf3 e5 4.e4 d6 5.h3 g6 6.d3 Bg7 7.Bg5 f6 8.Be3 Nge7 9.Nd5
Rb8 10.Qd2 Nxd5 11.exd5 Ne7 12.Bh6 Bxh6 13.Qxh6 Qa5+ 14.Qd2 Qxd2+ 15.Kxd2 Kf7
16.Be2 Bd7 17.Kc3 h5 18.a3 b5 19.g4 a5 20.Nd2 f5 21.gxh5 gxh5 22.f4 exf4 23.h4
Rbg8 24.Rag1 Rg3 25.Nf1 Rxg1 26.Rxg1 Ng6 27.Rg5 Nxh4 28.Rxh5 Rxh5 29.Bxh5+ Kf6
30.Nd2 b4+ 31.axb4 axb4+ 32.Kb3 Ke5 33.Kc2 f3 34.Bxf3 Nxf3 35.Nxf3+ Kf4 36.Nh4
Kg3 37.Ng6 f4 38.Nxf4 Kxf4 39.d4 cxd4 40.Kd3 Ke5 41.b3 Bf5+ 42.Kd2 Ke4 43.Kd1
Ke3 44.Kc1 d3 {#R} 0-1

[Event "Ch World (for the Blind)"]
[Site "Goa (India)"]
[Date "2006.10.16"]
[Round "7"]
[White "Avram Sretko (SRB)"]
[Black "Popov Gennady (RUS)"]
[Result "1-0"]
[WhiteElo "2214"]
[BlackElo "2233"]

1.c4 c5 2.Nc3 Nc6 3.Nf3 e5 4.g3 f5 5.d3 Nf6 6.Bg2 Be7 7.O-O O-O 8.e3 d6 9.d4
cxd4 10.exd4 e4 11.Ne1 h6 12.f3 exf3 13.Nxf3 Ne4 14.Nd5 Bf6 15.Be3 Bd7 16.Qd3
Ne7 17.Nxf6+ Nxf6 18.d5 Rc8 19.Rae1 a6 20.Bd4 Ng6 21.Rc1 Ne4 22.b4 Qe7 23.Rfe1
Ne5 24.Bxe5 dxe5 25.c5 Qf6 26.Qb3 Kh8 27.Re3 Rfe8 28.Qb2 Re7 29.Rce1 Rce8
30.Nh4 Ng5 31.d6 Re6 32.Bxb7 f4 33.gxf4 Qxf4 34.Ng2 Qg4 35.h4 Nh3+ 36.Kh2 Rf6
37.Rg3 Qh5 38.Qe2 Qf7 39.c6 Nf4 40.Qd2 Nxg2 41.cxd7 Qxd7 42.Bxg2 Rxd6 43.Qe3
Rd2 44.a3 Rd4 45.Be4 Qe7 46.Rh3 Rf8 47.Bg2 Rxh4 48.Qxe5 Rxh3+ 49.Kxh3 Qd7+
50.Kh2 Qd2 51.Re2 Qc1 52.Re3 Qc4 53.Rg3 Qf7 54.Rf3 Qe8 55.Qxe8 Rxe8 56.Rc3 Re7
57.Rc6 Ra7 58.Rc8+ Kh7 59.Be4+ g6 60.Rc6 a5 61.Rxg6 Kh8 62.Rxh6+ Kg8 63.b5 Re7
64.Rh4 Re5 65.a4 {#r} 1-0

[Event "It (open) (active)"]
[Site "El Sauzal (Spain)"]
[Date "2006.11.04"]
[Round "2"]
[White "Strikovic Aleksa (SRB)"]
[Black "Heimbacher Peter (GER)"]
[Result "1-0"]
[WhiteElo "2535"]
[BlackElo "2013"]

1.c4 c5 2.Nc3 Nc6 3.Nf3 g6 4.e3 Bg7 5.d4 cxd4 6.exd4 d6 7.d5 Ne5 8.Nxe5 Bxe5
9.Be3 Bg7 10.Qd2 Bf5 11.Be2 h5 12.O-O Nf6 13.Rfe1 Ng4 14.Bd4 Bh6 15.f4 O-O
16.h3 Ne5 17.Qe3 Re8 18.Qg3 Nd7 19.Bxh5 Rc8 20.b3 Nc5 21.Be2 Qc7 22.Bg4 Bxg4
23.Qxg4 e5 24.dxe6 Nxe6 25.Nd5 Qa5 26.Bc3 Qc5+ 27.Kh1 Bg7 28.Bxg7 Kxg7 29.f5
Nc7 30.f6+ Kg8 31.Ne7+ Rxe7 32.Qxc8+ Ne8 33.Qxc5 {#r} 1-0

[Event "It "]
[Site "Exmouth (England)"]
[Date "2006.11.13"]
[Round "1"]
[White "Adams David (ENG)"]
[Black "Carrick Peter"]
[Result "0-1"]
[WhiteElo "2223"]
[BlackElo "1336"]

1.c4 c5 2.Nc3 Nc6 3.Nf3 e6 4.d4 cxd4 5.Nxd4 Nxd4 6.Qxd4 Nf6 7.e4 a6 8.e5 Ng8
9.Bd3 Qc7 10.Be3 Ne7 11.Qd6 Qc6 12.Ne4 Nf5 13.Qxc6 Bb4+ 14.Ke2 dxc6 15.Bb6 O-O
16.c5 Nd4+ 17.Kf1 f5 18.exf6 gxf6 19.a3 Nb3 20.Rd1 Ba5 21.Bxa5 Nxa5 22.b4 Nb3
23.Bc4 f5 24.Ng5 Nxc5 25.bxc5 Re8 26.Rd6 Kg7 27.Nxe6+ Bxe6 28.Bxe6 Re7 29.Rd7
Rxd7 30.Bxd7 Rd8 31.Ke2 Rxd7 32.Rd1 Rxd1 33.Kxd1 Kf6 34.Kd2 Ke5 35.Ke3 Kd5
36.Kf4 Kxc5 37.Kxf5 Kd4 38.f4 c5 39.Ke6 c4 40.f5 c3 41.f6 c2 42.f7 c1=Q
43.f8=Q Qc6+ 44.Qd6+ Qxd6+ 45.Kxd6 a5 46.g4 b5 47.h4 b4 48.axb4 axb4 49.g5 b3
50.h5 b2 51.g6 hxg6 52.hxg6 b1=Q 53.g7 Qg6+ {#R} 0-1

[Event "Ch Slovakia (team) 2006/07 (2 liga) (b)"]
[Site "Slovakia"]
[Date "2006.11.25"]
[Round "3"]
[White "Sipeky Ladislav (SVK)"]
[Black "Reisel Frantisek (SVK)"]
[Result "0-1"]
[WhiteElo "1976"]
[BlackElo "2112"]

1.c4 c5 2.Nc3 Nc6 3.Nf3 g6 4.d4 cxd4 5.Nxd4 Bg7 6.e3 Nf6 7.Be2 O-O 8.O-O d6
9.b3 Bd7 10.Bb2 a6 11.Rc1 Rc8 12.Bf3 Qa5 13.a3 Qg5 14.Nce2 Ng4 15.Rc2 Nge5
16.Bxc6 Nxc6 17.f4 Qc5 18.Ng3 f5 19.Nge2 e5 20.b4 Qa7 21.Nxc6 Qxe3+ 22.Kh1
Bxc6 23.Bc1 Qe4 24.Ng3 Qd4 25.Qe2 e4 26.Rd1 Qf6 27.Qe3 Ba4 28.Bb2 Qe6 29.Rdc1
Bxc2 30.Rxc2 Bxb2 {#R} 0-1

[Event "Memorial N.Aratovsky (open)"]
[Site "Saratov (Russia)"]
[Date "2006.11.28"]
[Round "2"]
[White "Savchenko Boris (RUS)"]
[Black "Onoprijchuk Boris (RUS)"]
[Result "1-0"]
[WhiteElo "2551"]
[BlackElo "2334"]

1.c4 c5 2.Nc3 Nc6 3.Nf3 g6 4.e3 Bg7 5.d4 d6 6.Be2 Nf6 7.b3 O-O 8.Bb2 Bf5 9.O-O
h6 10.d5 Ne5 11.Nxe5 dxe5 12.a3 Ne8 13.Bd3 Bd7 14.f4 exf4 15.exf4 Nd6 16.Qd2
Qa5 17.Rae1 Rfe8 18.h3 b5 19.cxb5 Bxb5 20.b4 cxb4 21.Nxb5 Nxb5 22.Bxg7 Kxg7
23.f5 Qb6+ 24.Kh1 g5 25.Rxe7 Nc3 26.f6+ Kf8 27.d6 Qxd6 28.Rxf7+ Kxf7 29.Bg6+
Ke6 30.Re1+ Kd7 31.Bxe8+ Rxe8 32.Qxd6+ Kxd6 33.Rxe8 {#r} 1-0

[Event "It "]
[Site "Uljanovsk (Russia)"]
[Date "2006.12.03"]
[Round "4"]
[White "Zhdanov Eduard (RUS)"]
[Black "Kachalov Vasiliy (RUS)"]
[Result "1-0"]
[WhiteElo "2054"]
[BlackElo "1631"]

1.c4 c5 2.Nc3 Nc6 3.Nf3 d6 4.g3 Nf6 5.Bg2 e5 6.d3 h6 7.a3 Be7 8.Rb1 a5 9.O-O
O-O 10.Bd2 Bg4 11.h3 Be6 12.Ne1 Qd7 13.Kh2 Nd4 14.e3 Nf5 15.f4 Qc8 16.Nd5 Nxd5
17.cxd5 Bd7 18.Nf3 exf4 19.gxf4 Bf6 20.e4 Nd4 21.Bc3 Nxf3+ 22.Rxf3 Bxc3
23.bxc3 f5 24.c4 Rb8 25.Qe1 Qd8 26.e5 Qe7 27.e6 Be8 28.Qxa5 Bh5 29.Rf2 g5
30.Qe1 Ra8 31.Rfb2 Ra7 32.Qg3 Kh8 33.Qe3 Rb8 34.d4 Rba8 35.dxc5 dxc5 36.Qe5+
Kg8 37.d6 Qf8 38.Bxb7 Rb8 39.e7 Qe8 40.Bd5+ Bf7 41.Rxb8 {#r} 1-0

[Event "Tournament (swiss)"]
[Site "Lisbon (Portugal)"]
[Date "2006.12.28"]
[Round "1"]
[White "Aguiar Carlos Alberto Branco L (POR)"]
[Black "Rocha Carlos Fragoso (POR)"]
[Result "1-0"]
[WhiteElo "2019"]
[BlackElo "1663"]

1.c4 c5 2.Nc3 Nc6 3.d3 g6 4.Nf3 Bg7 5.e3 d6 6.h3 Nf6 7.Be2 O-O 8.a3 b6 9.Rb1
a6 10.O-O Rb8 11.d4 cxd4 12.exd4 e6 13.Be3 d5 14.Bf4 Rb7 15.cxd5 Nxd5 16.Nxd5
Qxd5 17.Bxa6 Rd7 18.Bxc8 Rxc8 19.Rc1 Bxd4 20.Nxd4 Qxd4 21.Qxd4 Rxd4 22.Be3
Rdd8 23.Bxb6 Re8 24.Rfd1 Ne7 25.Rxc8 Rxc8 26.Rd8+ Rxd8 27.Bxd8 Nc6 28.Bf6 Kf8
29.Kf1 Ke8 30.Ke2 Kd7 31.Kd3 e5 32.b4 Ke6 33.Bg5 f5 34.Be3 Kd5 35.Bc5 e4+
36.Kc3 Nb8 37.Be3 Nc6 38.a4 Ne5 39.a5 Nc4 40.a6 f4 41.a7 fxe3 42.a8=Q+ {#r}
1-0

[Event "It (open)"]
[Site "Belgrade (Yugoslavia)"]
[Date "2007.01.29"]
[Round "6"]
[White "Ostojic Slobodan (SRB)"]
[Black "Danojlic Petar (SRB)"]
[Result "1-0"]
[WhiteElo "2062"]
[BlackElo "1882"]

1.c4 c5 2.Nc3 Nc6 3.Nf3 Nf6 4.g3 e5 5.d3 h6 6.Bg2 d6 7.O-O g5 8.Bd2 Bg7 9.Rb1
a5 10.a3 O-O 11.Qc1 Re8 12.e4 Nh7 13.Nd5 Nf6 14.Be3 Nxd5 15.cxd5 Ne7 16.h4 f6
17.hxg5 fxg5 18.a4 b6 19.Nd2 Ng6 20.Nc4 Kh7 21.b3 Rb8 22.Qd1 Bf8 23.Qh5 Rb7
24.f4 gxf4 25.gxf4 exf4 26.Bxf4 Nxf4 27.Rxf4 Bg7 28.Rbf1 Rg8 29.Rf7 Rxf7
30.Rxf7 Kh8 31.Kh1 Rf8 32.Rxf8+ Qxf8 33.Qg6 Qe7 34.Qg3 Ba6 35.Nxd6 Qf6 36.e5
Qe7 37.e6 Bxd3 38.Nf7+ Kg8 39.Nxh6+ Kh8 40.Nf7+ Kg8 41.Qxd3 Qh4+ 42.Bh3 Qe1+
43.Kg2 Bd4 44.Qg3+ {#r} 1-0